000 00599nam a2200205Ia 4500
005 20250508170049.0
008 008 250505s9999 xx 000 0 eng d
020 _a978-9388789134
037 _aReference
040 _aFEDL
_beng
_cFEDL
041 _aeng
_2eng
084 _a371.1, STU/RR
_qFEDL
100 _aStuart Dave
_9782876
245 0 _aThese 6 things: How to focus your teachin on what matters most
260 _aThousand Oaks, Calfornia
_bCorwin Press
_c2019
300 _a258p.
365 _aUSD
_b33.95
942 _cREF
_h371.1, STU/RR
999 _c1399021
_d1399021